000 00581nab#a2200205#c#4500
999 _c53461
_d53461
003 IEF
005 20191205110015.0
008 950704s1976 uuu|| #####0 b| |u
040 _aIEF
_cES-MaIEF
100 1 _aFuentes Quintana, Enrique
_916778
245 _aHacienda pública española: Cuarenta números
_c Enrique Fuentes Quintana
260 _c1976
650 4 _aHACIENDA PUBLICA
_950201
650 4 _aESPAÑA
_941092
650 4 _aARTICULOS DE REVISTAS
_931094
773 0 _tHacienda pública española
_w34570
_g40, p. 3-8
942 _2udc
942 _2udc